Normal view
MARC view
- Píndaro,
Entry Nombre Personal
001 - NUMERO DE CONTROL
- campo de control: 39962
003 - IDENTIFICADOR DE NUMERO DE CONTROL
- campo de control: UPN
005 - FECHA Y HORA DE LA ÜLTIMA TRANSACCIÓN
- campo de control: 20210219194551.0
008 - DATOS DE LONGITUD FIJA
- campo de control de longitud fija: nabaccnnaabn|||||||||| b |nc|||||d
035 ## - NUMERO DE CONTROL
- Número de control: UPN11000012069
040 ## - FUENTE DE CATALOGACIÓN
- Lenguaje de catalogación: SPA
- Agencia de transcripción: UPN
100 0# - ENCABEZAMIENTO - NOMBRE PERSONAL
- Nombre personal: Píndaro,
- Fechas asociadas con el nombre: 518-442 a.C
670 ## - FUENTE EN LA QUE SE LOCALIZARON DATOS
- Cita de la fuente: T
- Información localizada: Wikipedia
680 ## - NOTA PUBLICA DE ACCESO PÚBLICO
- Frase explicativa de la referencia: Es uno de los más célebres poetas líricos de la Grecia clásica. Se cree que nació en Cinoscéfalas, Beocia, hacia el 518 a. C. Según la tradición, pertenecía a una familia aristocrática
902 ## - CATALOGADOR
- Catalogador: MCM/160317
